000 00695nam a2200229 b 4500
001 00000000113452
003 OSt
005 20131004153106.0
008 020226s2000 esp 000 0 spa d
020 _a84-08-03405-7
040 _aBP-LO
_cBMC
082 _a346.0436346
082 _a333.3
100 1 _aContijoch, Ramón
_96012
245 1 3 _aLa compraventa de inmuebles
_cRamón Contijoch Pratdesaba
260 _aBarcelona
_bPlaneta
_c2000
300 _a276 p.
_c22 cm
500 _aIncluye formulario y texto íntegro de la Ley española de Propiedad Horizontal reformada en 1999
650 2 4 _aCompraventa
_96011
_zEspaña
650 2 4 _aPropiedad inmobiliaria
_95376
942 _2ddc
_cBK
999 _c2572
_d2572